Guess these footballers' first name #1 - Statistics

General Stats
  • This quiz has been taken 67 times
  • The average score is 15 of 26
Answer Stats
Hint Answer % Correct
Bale Gareth
98%
di Maria Angel
91%
Hart Joe
88%
Oblak Jan
75%
Tevez Carlos
72%
Gnabry Serge
72%
Totti Francesco
70%
Gullit Ruud
70%
Shearer Alan
69%
Origi Divock
67%
Payet Dimitri
66%
Mascherano Javier
63%
Klose Miroslav
63%
Seedorf Clarence
59%
Matic Nemanja
59%
Kagawa Shinji
52%
Guendouzi Matteo
48%
van der Vaart Rafael
47%
Adebayor Emmanuel
44%
Mirallas Kevin
44%
Tierney Kieran
44%
Bony Wilfried
41%
Coleman Seamus
34%
Longstaff Sean
31%
Quagliarella Fabio
30%
Longstaff Matthew
22%
No matching quizzes found
Score Distribution
Percent of People with Each Score
Percentile by Number Answered
Your Score History
You have not taken this quiz